|
|
|
|
| LEADER |
00000nab a2200000 ar4500 |
| 001 |
vtls010261917 |
| 003 |
SK-MaSNL |
| 005 |
20260318140632.0 |
| 008 |
110308c20110223xo |||||||| 000 b|hun |
| 015 |
|
|
|a SNBRB2011/02
|2 snkbucl
|
| 038 |
|
|
|a SNKBUCL
|
| 040 |
|
|
|a DSZK
|b slo
|c DSZK
|e AACR2
|
| 041 |
0 |
|
|a hun
|
| 044 |
|
|
|a xo
|c SK
|
| 080 |
|
|
|a 78.071.2-053.2
|2 2001
|
| 080 |
|
|
|a 787.1.02
|2 2001
|
| 080 |
|
|
|a 929 Kovács, Mónika
|2 2001
|
| 100 |
1 |
|
|a Krasznica, Melitta V.
|4 aut
|9 844987
|
| 245 |
1 |
0 |
|a Két rangos versenyt is megnyert
|b Kovács Mónika mesterhegedűt szeretne
|c V. Krasznica Melitta
|
| 300 |
|
|
|b Fotogr.
|
| 600 |
1 |
7 |
|a Kovács, Mónika
|2 snkbucl
|9 1128514
|
| 650 |
0 |
7 |
|a huslistky
|2 snkbucl
|9 186744
|
| 651 |
|
7 |
|a Komárno (Slovensko)
|2 SNKPHgeo
|9 39168
|
| 773 |
0 |
|
|t Új szó
|g Évf. 64, sz. 44 (23.2.2011), o. 15
|x 1335-7050
|
| 852 |
|
|
|a SNK
|b KIS3GCP
|
| 852 |
|
|
|a DSZK
|b KIS3GCP
|
| 958 |
|
|
|a HU
|
| 958 |
|
|
|a SK
|
| 999 |
|
|
|c 1897708
|d 1899638
|